Women and politics worldwide / (Record no. 1905)

MARC details
000 -LEADER
fixed length control field 00774nam a2200229 a 4500
003 - CONTROL NUMBER IDENTIFIER
control field BD-DhJNU
005 - DATE AND TIME OF LATEST TRANSACTION
control field 20250716044231.0
008 - FIXED-LENGTH DATA ELEMENTS--GENERAL INFORMATION
fixed length control field 930701s1994 ctuab b 001 0 eng
020 ## - INTERNATIONAL STANDARD BOOK NUMBER
International Standard Book Number 0300054076
020 ## - INTERNATIONAL STANDARD BOOK NUMBER
International Standard Book Number 0300054084
040 ## - CATALOGING SOURCE
Original cataloging agency BD-DhJNU
Language of cataloging ENG
Transcribing agency BD-DhJNU
Modifying agency BD-DhJNU
082 00 - DEWEY DECIMAL CLASSIFICATION NUMBER
Classification number 324 WOM
Edition number 23
245 00 - TITLE STATEMENT
Title Women and politics worldwide /
Statement of responsibility, etc. edited by Barbara J. Nelson and Najma Chowdhury.
260 ## - PUBLICATION, DISTRIBUTION, ETC.
Place of publication, distribution, etc. New Haven :
Name of publisher, distributor, etc. Yale University Press,
Date of publication, distribution, etc. c1994.
300 ## - PHYSICAL DESCRIPTION
Extent xi, 818 p. :
Other physical details ill., 1 map ;
Dimensions 25 cm.
504 ## - BIBLIOGRAPHY, ETC. NOTE
Bibliography, etc. note Includes bibliographical references and index.
650 #0 - SUBJECT ADDED ENTRY--TOPICAL TERM
Topical term or geographic name entry element Women
General subdivision Political activity
Form subdivision Cross-cultural studies.
650 #0 - SUBJECT ADDED ENTRY--TOPICAL TERM
Topical term or geographic name entry element Women's rights
Form subdivision Cross-cultural studies.
700 1# - ADDED ENTRY--PERSONAL NAME
Personal name Nelson, Barbara J.
700 1# - ADDED ENTRY--PERSONAL NAME
Personal name Caudhur i, N ajam a,
942 ## - ADDED ENTRY ELEMENTS (KOHA)
Koha item type Books
Holdings
Withdrawn status Lost status Source of classification or shelving scheme Damaged status Not for loan Collection Home library Current library Shelving location Date acquired Total checkouts Full call number Barcode Date last seen Copy number Price effective from Koha item type
    Dewey Decimal Classification     Non-fiction Jagannath University Central Library Jagannath University Central Library General stacks 07/16/2025   324 WOM JNUCL1618 07/16/2025 1 07/16/2025 Books